LDR 00928naa#a2200169#i#450# 001 RU\\bibl\117547 005 20260419005823.7 011 ## _a2312-7937 100 ## _a20260401b2026####ek#y0rusy0150####ca 102 ## _aRU 200 1# _aК вопросу о комплексном обеспечении безопасности лица, заключившего досудебное соглашение о сотрудничестве _eЖурнальная статья 210 1# _aДомодедово _cВсероссийский институт повышения квалификации сотрудников Министерства внутренних дел Российской Федерации _d2026 215 ## _a6 с. 608 ## _aЖурнальная статья _2local 675 ## _aПраво. Юридические науки. 34 _z 700 #1 _aГусева _gНаталья Николаевна 856 4# _avipkmvd.editorum.ru _u